States With Only One A - Statistics

General Stats
  • This quiz has been taken 52 times
  • The average score is 12 of 15
Answer Stats
States % Correct
Texas
95%
Florida
93%
Georgia
88%
Washington
88%
Maine
86%
West Virginia
83%
Iowa
81%
Virginia
81%
Utah
79%
Colorado
76%
Idaho
76%
Michigan
74%
Rhode Island
74%
New Hampshire
71%
Minnesota
69%
No matching quizzes found
Score Distribution
Percent of People with Each Score
Percentile by Number Answered
Your Score History
You have not taken this quiz